Szczegóły MARC21

Stulecie dziecka /

003 -Nazwa inst., której nr kontr. jest w polu 001 [,]
    • @
    • Nazwa instytucji, której n kontrolny jest w polu 001
    • NUKAT
005 -DATA I CZAS OSTATNIEJ MODYFIKACJI [,]
    • @
    • pole kontrolne
    • 20241231111542.0
020 -Międzynarod. znormalizowany nr książki - ISBN [ , ]
    • a
    • Numer ISBN
    • 838950135X Find
040 -Instytucja sporządzająca opis [ , ]
    • a
    • Instytucja, która sporządziła opis (NP)
    • OLSZT 003/WO
    • c
    • Instytucja, która sporządziła rekord (NP)
    • OLSZT 003/WO
    • d
    • Instytucja, która zmodyfikowała rekord (P)
    • OLSZT 003/WO
    • d
    • Instytucja, która zmodyfikowała rekord (P)
    • OLSZT 003/baks
    • d
    • Instytucja, która zmodyfikowała rekord (P)
    • SZCZ U/JS
041 -Język dokumentu [1, ]
    • a
    • Język tekstu (P)
    • polski
    • h
    • Język tekstu oryginalnego i/lub pośredniego (P)
    • niemiecki
942 -Rodzaj dokumentu [ , ]
    • c
    • Rodzaj dokumentu
    • Książka
100 -Hasło główne - nazwa osobowa [1, ]
    • a
    • Nazwa osobowa (NP)
    • Key, Ellen Karoline
    • d
    • Daty biograficzne (NP)
    • (1849-1926).
    • 9
    • KHW
    • 96184
245 -Strefa tytułu i oznaczenia odpowiedzialności [1,0]
    • a
    • Tytuł
    • Stulecie dziecka / Find
    • c
    • Pozostałe elementy strefy tytułu i oznaczenia odpowiedzialności (NP)
    • Ellen Key ; przekł. Iza Moszczeńska.
260 -Strefa adresu wydawniczego [ , ]
    • a
    • Miejsce wydania (P)
    • Warszawa :
    • b
    • Nazwa wydawcy (P)
    • Wydaw. Akademickie "Żak",
    • c
    • Data wydania (P)
    • 2005.
300 -Strefa opisu fizycznego [ , ]
    • a
    • Określenie formy książki i/lub objętość (NP)
    • 193 s. ;
    • c
    • Format (NP)
    • 21 cm.
336 -Typ zawartości [ , ]
    • a
    • Termin opisujący typ zawartości
    • Tekst
    • b
    • Kod określający zawartość
    • txt
    • 2
    • Źródło (terminu i kodu)
    • rdacontent
337 -Typ mediów [ , ]
    • a
    • Tryb odtwarzania
    • Bez urządzenia pośredniczącego
    • b
    • Kod typu mediów
    • n
    • 2
    • Źródło (terminu i kodu)
    • rdamedia
338 -Typ/rodzaj nośnika [ , ]
    • a
    • Hasło opisujące typ nośnika
    • Wolumin
    • b
    • Kod typu nośnika
    • nc
    • 2
    • Źródło (terminu i kodu)
    • rdacarrier
500 -Uwaga ogólna [ , ]
    • a
    • Uwaga ogólna (NP)
    • Książka oparta na wyd. z 1904 r.
080 -Uniwersalna Klasyfikacja Dziesiętna [ , ]
    • 2
    • Identyfikator wydania tablic
    • UDC-P058
    • a
    • Symbol klasyfikacji
    • 37.018.1
    • b
    • Dopowiedzenie
    • Wychowanie w domu. Wychowanie w rodzinie. Pedagogika rodzinna.
    • 9
    • UKD
    • 3841
080 -Uniwersalna Klasyfikacja Dziesiętna [ , ]
    • 2
    • Identyfikator wydania tablic
    • UDC-P058
    • a
    • Symbol klasyfikacji
    • 316.346.3-053.2
    • b
    • Dopowiedzenie
    • Socjologia dziecka.
    • 9
    • UKD
    • 2800
650 -Hasło przedmiotowe [ ,7]
    • a
    • Hasło przedmiotowe
    • Edukacja
    • y
    • Określnik chronologiczny
    • 1900-1945.
    • 2
    • Źródło terminu
    • kaba
    • 9
    • KHW
    • 393589
650 -Hasło przedmiotowe [ ,7]
    • a
    • Hasło przedmiotowe
    • Kobiety
    • x
    • Określnik rzeczowy
    • praca
    • y
    • Określnik chronologiczny
    • 1900-1945.
    • 2
    • Źródło terminu
    • kaba
    • 9
    • KHW
    • 393591
650 -Hasło przedmiotowe [ ,7]
    • a
    • Hasło przedmiotowe
    • Wychowanie dzieci
    • y
    • Określnik chronologiczny
    • 1900-1945.
    • 2
    • Źródło terminu
    • kaba
    • 9
    • KHW
    • 393590
980 -Symbol UKD [ , ]
    • a
    • UKD
    • 37.018.1:316.346.3-053.2
700 -Hasło dodatkowe - nazwa osobowa [1, ]
    • a
    • Nazwa osobowa (NP)
    • Moszczeńska, Izabela Find
    • d
    • Daty biograficzne (NP)
    • (1864-1941).
    • e
    • Określenie rodzaju współpracy
    • Tł.
    • 9
    • KHW
    • 18161
710 -Hasło dodatkowe - nazwa ciała zbiorowego [2, ]
    • a
    • Nazwa ciała zbiorowego lub nazwa geograficzna jako pierwszy element (NP)
    • Wydawnictwo Akademickie Żak.
    • 4
    • Kod relacji
    • pbl
    • 9
    • KHW
    • 56877
920 -ISBN [ , ]
    • a
    • ISBN
    • 83-89501-35-X Find
Data inwentaryzacji Lokalizacja Status udost. Numer inwentarzowy Sygnatura
2005-11-16BG1Z.105406Z.105406
2005-11-16BG-3WM.4321WM.4321
2005-11-16BG-3WM.4322WM.4321
2007-06-06BG-3Pd.18503 
2007-06-06BG-3Pd.18504